| 000 | 00678nam a2200133Ia 4500 | ||
|---|---|---|---|
| 008 | 171212s9999 xx 000 0 und d | ||
| 020 | _a9780874214031 | ||
| 100 | _aAton, James M;McPherson, Robert | ||
| 245 |
_cAton, James M;McPherson, Robert _aRiver Flowing From The Sunrise _bAn Environmental History of the Lower San Juan |
||
| 260 |
_bUniversity Press of Colorado _c2000 |
||
| 650 | _aBiological Sciences | ||
| 650 | _aNature -- Effect of human beings on -- San Juan River Valley (Colo.-Utah); Human ecology -- San Juan River Valley (Colo.-Utah) -- History; San Juan River Valley (Colo.-Utah) -- Environmental conditions | ||
| 856 | _uwww.jstor.org/stable/10.2307/j.ctt46nz6w | ||
| 999 |
_c353166 _d353166 |
||